| 000 | 00610nam a22002177a 4500 | ||
|---|---|---|---|
| 003 | OSt | ||
| 005 | 20140310182817.0 | ||
| 008 | 130301t xxu||||| |||| 00| 0 eng d | ||
| 020 | _a9715841392 | ||
| 050 |
_aQR41.2 _b.B974 2000 |
||
| 082 |
_aM 616.01 _b.B95 2000 |
||
| 245 |
_aMicrobiology for the health sciences _cBurton, Gwendolyn R. W. |
||
| 250 | _a6th ed. | ||
| 260 |
_aPhiladelphia _bLippincott Williams & Wilkin _c2000 |
||
| 300 |
_axiv, 496 p. _bill. (some col.) _c25 cm. |
||
| 521 | _aCollege students | ||
| 526 | _c1210L-1700L | ||
| 541 | _j1 | ||
| 562 | _e1 | ||
| 942 |
_2lcc _cBK _kM |
||
| 999 |
_c16309 _d16309 |
||